000
00202 a2200097 4500
001
42241
100
_a
Tony C
245
_a
Fuel & Power
260
_a
_b
Thomas Nelson & Sons
_c
090
_c
26216
_d
26216
942
_a
NUST-CAE
_c
M
_c
18021
999
_c
277314
_d
277314